The Human Body by letter - L - Statistics

General Stats
  • This quiz has been taken 1,030 times
  • The average score is 10 of 12
Answer Stats
Hint Answer % Correct
Between Hip and Foot Leg
98%
Visible part of the Mouth, used in Kissing Lips
98%
Main Respiratory Organ Lung
98%
The Largest Internal Organ Liver
95%
Another name for the Voice Box or Adams Apple Larynx
90%
Connects Bones to Bones Ligaments
90%
The Arms and Legs Limbs
89%
Part of the Digestive System, the Colon Large Intestine
71%
Clear Fluid that flows through the above Lymph
66%
The Last 5 Vertebrae before the Sacrum Lumbar Vertebrae
59%
Part of the Heart which pumps blood into the Aorta Left Ventricle
53%
Body System that Absorbs Interstital Fluid and transports it to the Bloodstream Lymphatic System
51%
No matching quizzes found
Score Distribution
Percent of People with Each Score
Percentile by Number Answered
Your Score History
You have not taken this quiz